Disminuir el abandono escolar y mejorar la persistencia. Causas, consecuencias y estrategias de intervención.
Kaydedildi:
| Diğer Yazarlar: | , |
|---|---|
| Materyal Türü: | Bilinmiyor |
| Baskı/Yayın Bilgisi: |
Madrid, España:
Narcea, S.A. de Ediciones,
2022.
|
| Seri Bilgileri: | Educación Hoy Estudios.
|
| Konular: | |
| Etiketler: |
Etiketle
Etiket eklenmemiş, İlk siz ekleyin!
|
MARC
| LEADER | 00000 a2200000 4500 | ||
|---|---|---|---|
| 003 | CL-VaPUC | ||
| 005 | 20230427083208.0 | ||
| 008 | 230419t2022 ||||| |||| 00| 0 eng d | ||
| 999 | |c 440548 |d 440546 | ||
| 020 | |a 978-84-277-2965-0 | ||
| 040 | |c Pontificia Universidad Católica de Valparaíso | ||
| 082 | |2 22 |a 371.2913 GAI 2022 | ||
| 100 | |a Gairín Sallán, Joaquín |9 593592 |e editor | ||
| 245 | |a Disminuir el abandono escolar y mejorar la persistencia. |b Causas, consecuencias y estrategias de intervención. | ||
| 260 | |a Madrid, España: |b Narcea, S.A. de Ediciones, |c 2022. | ||
| 300 | |a 236 páginas. | ||
| 490 | |a Educación Hoy Estudios. | ||
| 583 | |k GC |c 20230419 | ||
| 650 | 0 | |9 880932 |a Abandono escolar |v Causas y prevención |x Fracaso escolar | |
| 650 | 0 | |9 880931 |a Deserción escolar |x Estudiantes |x Colegios, liceos y universidades | |
| 650 | 0 | |9 881716 |a Abandono Educativo Temprano (AET) |x Alumnos |v Intervención y prevención |x Administración educativa | |
| 700 | |a Olmos Rueda, Patricia |e editora |9 881605 | ||
| 942 | |2 ddc |c BK | ||
| 952 | |0 0 |1 0 |2 ddc |4 0 |6 371_291300000000000_GAI_2022 |7 0 |8 A |9 589685 |a BIBHIS |b BIBHIS |c GEN |d 2023-04-17 |e 36 |g 18927.41 |i 5657182 |l 1 |m 1 |o 371.2913 GAI 2022 |p 5657182 |r 2025-01-20 |s 2024-05-17 |t 1 |v 18927.41 |w 2023-04-17 |y BK |k HIS | ||